000 00750 a2200193 4500
999 _c8105
_d8105
020 _a9780415597623
050 0 0 _aMT 1 DEB 2012
245 0 0 _aDebates in Music Teaching /
_cedited by Chris Philpott and Gary Spruce.
264 _aLondon:
_bRoutledge,
_c2012.
300 _axv, 269 p. :
_bill. ;
500 _aIncludes bibliographical references and index.
650 0 _aMusic
_xInstruction and study
_xPhilosophy.
650 0 _aMusic in education.
700 1 _aPhilpott, Chris,
_d1956-
700 1 _aSpruce, Gary.
856 4 2 _3Contributor biographical information
_uhttp://www.loc.gov/catdir/enhancements/fy1305/2011049558-b.html
942 _2lcc
_cBK
_h1
_iDEB
_kMT